000
00318nam a2200145Ia 4500
100
_a
Winston/Patrick Henry
250
_a
3
942
_c
BK
654
_a
artificial
245
_a
Artificial intelligence
260
_b
Pearson Education
_a
New Delhi
_c
2004
082
_a
6.3
_b
WIN
300
_a
737
546
_a
ENGLISH
999
_c
27640
_d
27640